000 00689nam a22002297a 4500
003 UA-OsUOA
001 44205
007 ta
008 20100701b un ||||| |||| 00| 0 ukr d
090 _a082
_bП78
942 _cBK
040 _aUA-OsUOA
_bukr
_cUA-OsUOA
_dUA-OsUOA
245 _aПроблеми збереження історико-культурної спадщини Києва
300 _a258 с.
955 _a1
041 _aukr
080 _a082
260 _aК.
_c2009
650 7 _a08 Видання. Колективні праці
_2UDC
999 _c424120
_d424120